|
|
|
|
| LEADER |
02772nam a2200421 a 4500 |
| 001 |
2859049 |
| 003 |
BD-DhAAL |
| 005 |
20250714122305.0 |
| 008 |
091227r20071985nyua b 001 0 eng d |
| 010 |
|
|
|a 85006387
|
| 020 |
|
|
|a 8126508124
|
| 020 |
|
|
|a 9788126508129
|
| 020 |
|
|
|a 0471862568
|
| 040 |
|
|
|a DLC
|c DLC
|d DLC
|d BD-DhAAL
|
| 082 |
0 |
0 |
|a 536/.7
|2 19
|
| 100 |
1 |
|
|a Callen, Herbert B.
|9 58750
|
| 245 |
1 |
0 |
|a Thermodynamics and an introduction to thermostatistics /
|c Herbert B. Callen.
|
| 250 |
|
|
|a Second edition.
|
| 260 |
|
|
|a New York ;
|a New Delhi :
|b John Wiley & Sons,
|c c1985 [reprinted 2007].
|
| 300 |
|
|
|a xvi, 493 pages :
|b illustrations ;
|c 24 cm.
|
| 500 |
|
|
|a Rev. ed. of: Thermodynamics. 1960.
|
| 504 |
|
|
|a Includes Bibliography: [p. 485-486] and index.
|
| 526 |
|
|
|x Fardousi Ara Begum
Assistant Professor
Department of Mathematics and Natural Sciences
Course name and no. "Thermal Physics and Radiation (PHY 114)"
|
| 541 |
1 |
|
|a Zeenat book supply limited
|e 00019622
|
| 650 |
|
0 |
|a Thermodynamics.
|
| 650 |
|
0 |
|a Statistical mechanics.
|
| 700 |
1 |
|
|a Callen, Herbert B.
|t Thermodynamics.
|9 58751
|
| 740 |
0 |
|
|a Thermostatistics.
|
| 852 |
4 |
|
|a Ayesha Abed Library
|j General Shelf.
|
| 942 |
|
|
|2 ddc
|c BK
|
| 999 |
|
|
|c 6471
|d 6471
|
| 952 |
|
|
|0 0
|1 0
|2 ddc
|4 0
|6 536_700000000000000_CAL_2007
|7 0
|9 6561
|a BRACUL
|b BRACUL
|c GEN
|d 2009-12-27
|e Zeenat book supply limited
|g 450.00
|l 5
|m 22
|o 536.7 CAL
|p 3010019622
|r 2023-09-29
|s 2023-08-20
|t 1
|w 2009-12-27
|y BK
|x Requisitioned by Fardousi Ara Begum, Assistant Professor, Department of MNS. Course name and no. "Thermal Physics and Radiation (PHY 114)"
|
| 952 |
|
|
|0 0
|1 0
|2 ddc
|4 0
|6 536_700000000000000_CAL_2007
|7 0
|9 6562
|a BRACUL
|b BRACUL
|c GEN
|d 2009-12-27
|e Zeenat book supply limited
|g 450.00
|l 11
|m 28
|o 536.7 CAL
|p 3010019623
|r 2025-09-30
|s 2018-05-10
|t 2
|w 2009-12-27
|y BK
|x Requisitioned by Fardousi Ara Begum, Assistant Professor, Department of MNS. Course name and no. "Thermal Physics and Radiation (PHY 114)"
|
| 952 |
|
|
|0 0
|1 0
|2 ddc
|4 0
|6 536_700000000000000_CAL
|7 0
|9 13418
|a BRACUL
|b BRACUL
|c GEN
|d 2010-12-05
|l 2
|m 15
|o 536.7 CAL
|p 3010021521
|r 2019-09-05
|s 2019-06-25
|t 3
|w 2010-12-05
|y BK
|
| 952 |
|
|
|0 0
|1 0
|2 ddc
|4 0
|6 536_700000000000000_CAL
|7 0
|9 13419
|a BRACUL
|b BRACUL
|c GEN
|d 2010-12-05
|l 0
|o 536.7 CAL
|p 3010021522
|r 2010-12-05
|t 4
|w 2010-12-05
|y BK
|
| 952 |
|
|
|0 0
|1 4
|2 ddc
|4 0
|6 536_700000000000000_CAL
|7 0
|9 13420
|a BRACUL
|b BRACUL
|c GEN
|d 2010-12-05
|l 0
|o 536.7 CAL
|p 3010021523
|r 2010-12-05
|t 5
|w 2010-12-05
|y BK
|x Koha Inventory 2020
|
| 952 |
|
|
|0 0
|1 0
|2 ddc
|4 0
|6 536_700000000000000_CAL
|7 0
|9 13421
|a BRACUL
|b BRACUL
|c GEN
|d 2010-12-05
|l 3
|o 536.7 CAL
|p 3010021524
|r 2012-09-04
|s 2012-05-28
|t 6
|w 2010-12-05
|y BK
|
| 952 |
|
|
|0 0
|1 0
|2 ddc
|4 0
|6 536_700000000000000_CAL
|7 0
|9 13422
|a BRACUL
|b BRACUL
|c GEN
|d 2010-12-05
|l 3
|o 536.7 CAL
|p 3010021525
|r 2017-07-15
|s 2017-04-11
|t 7
|w 2010-12-05
|y BK
|